[Event "Online Olym Div4 E"]
[Site "Chess.com INT"]
[Date "2021.08.21"]
[Round "5.1"]
[White "Mars, Davion"]
[Black "Rodriguez Santiago, Jaime"]
[Result "1/2-1/2"]
[WhiteElo "1588"]
[BlackElo "2037"]
[PlyCount "53"]
[EventDate "2021.08.20"]
[EventType "team (rapid)"]
[EventRounds "11"]
[EventCountry "USA"]
[SourceTitle "CBM 203 Extra"]
[Source "ChessBase"]
[SourceDate "2021.09.30"]
[SourceVersion "1"]
[SourceVersionDate "2021.09.30"]
[SourceQuality "1"]
[WhiteTeam "Guyana"]
[BlackTeam "Puerto Rico"]
[WhiteTeamCountry "GUY"]
[BlackTeamCountry "PUR"]

1. e4 g6 2. d4 d6 3. h3 Bg7 4. Nf3 Nd7 5. Be3 Ngf6 6. Bd3 0-0 7. Qd2 c5 8. c3 b6 9. Bh6 Bb7 10. Bxg7 Kxg7 11. Qe2 e5 12. dxe5 dxe5 13. Nbd2 Qe7 14. a4 Rad8 15. Nc4 Nh5 16. g3 Rfe8 17. 0-0 f6 18. Ne3 Nf8 19. a5 Ne6 20. axb6 axb6 21. Bb5 Rf8 22. Ra7 Ra8 23. Nd5 Qf7 24. Rfa1 Rxa7 25. Rxa7 Ra8 26. Rxa8 Bxa8 27. Nxb6 1/2-1/2